| 000 | 00520nam a2200169Ia 4500 | ||
|---|---|---|---|
| 005 | 20250424120247.0 | ||
| 008 | 250424s9999 xx 000 0 und d | ||
| 022 | _a21415226 | ||
| 050 | _aHD 82 .I58/ | ||
| 245 | 0 | _aInternational journal of administration and development studies | |
| 260 | _aMaiduguri | ||
| 260 | _bDepartment of Public Admin Uni of Maiduguri | ||
| 260 | _c2001 | ||
| 300 | _av., 298 p. ; 25 cm. | ||
| 650 | _aEconomic development--Periodicals. Public administration--Periodicals. | ||
| 942 | _cSR | ||
| 999 |
_c38295 _d38295 |
||